Coldplay "Fix you" - all lyrics - Statistics

General Stats
  • This quiz has been taken 1,006 times
  • The average score is 151 of 176
Answer Stats
Lyrics % Correct
you
100%
fix
98%
I
98%
try
98%
be
97%
but
97%
But
97%
to
97%
When
97%
your
97%
best
96%
don't
96%
will
96%
And
93%
and
93%
need
93%
not
93%
succeed
93%
want
93%
what
93%
get
91%
so
91%
home
90%
Lights
90%
guide
89%
can't
86%
in
85%
down
84%
face
83%
ignite
83%
tears
83%
Tears
83%
it
82%
bones
81%
go
80%
stream
79%
feel
78%
reverse
78%
the
78%
Stuck
77%
love
76%
replace
75%
sleep
75%
somethin'
74%
Could
73%
tired
73%
lose
71%
worse
70%
goes
69%
someone
69%
come
68%
let
67%
streamin'
67%
you're
67%
waste
66%
if
64%
know
64%
too
63%
never
61%
you'll
58%
Just
57%
up
52%
below
50%
worth
48%
high
46%
above
45%
or
44%
my
41%
promise
39%
mistakes
36%
from
35%
learn
33%
No matching quizzes found
Score Distribution
Percent of People with Each Score
Percentile by Number Answered
Your Score History
You have not taken this quiz